000 00479cam a2200169ua 4500
020 _a9789380358959
082 _a691
_bRAN/EN
100 _aRangwala, S C.
_9342
100 _aRangwala K.S.
_9574
100 _aRangwala P.S.
_9575
245 _aEngineering Materials / [Material Science]
250 _a16 / 41st/ 38 th
260 _aNew Delhi :
_bCharotar Publishing House Pvt.Ltd
_c2014
300 _a480, 444
500 _a*CSS A Textbook for Engineering Students
942 _cBK
999 _c126
_d126